| 000 | 01258nam a2200361 a 4500 | ||
|---|---|---|---|
| 001 | 000002970 | ||
| 003 | DO-SdBPM | ||
| 005 | 20251201123550.0 | ||
| 007 | ta | ||
| 008 | 090706s1994 dr a r 000 0 spa d | ||
| 020 | _a8489525471 | ||
| 040 |
_aDO-SdBPM _bspa _cBPMSU _drda |
||
| 082 | 4 |
_a338.98 _bP438d 1994 _222 |
|
| 100 | 1 |
_aPérez Minaya, Ramón _eautor _4aut. |
|
| 245 | 1 | 3 |
_aEl desarrollo y la opción neoliberal / _cRamón Pérez Minaya ; prefacio Eduardo Latorre. |
| 264 |
_aSanto Domingo : _bINTEC, _c1994. |
||
| 300 |
_a193 páginas : _bilustraciones ; _c23 cm. |
||
| 336 |
_atexto _btxt _2rdacontent |
||
| 337 |
_asin mediación _bn _2rdamedia |
||
| 338 |
_avolumen _bnc _2rdacarrier |
||
| 504 | _aIncluye referencias bibliográficas y notas a pie de páginas. | ||
| 504 | _aBibliografía : páginas 187-193. | ||
| 590 | _aInventariado, 2025/VM | ||
| 650 | 7 | _aDesarrollo económico | |
| 650 | 7 | _aNeoliberalismo | |
| 650 | z | _aEconomic development | |
| 651 | 7 |
_aAmérica Latina _xCondiciones Económicas |
|
| 651 | 7 |
_aAmérica Latina _xPolítica Económica |
|
| 651 | 7 |
_aAmérica Latina _xCondiciones Sociales |
|
| 700 | 1 |
_aLatorre, Eduardo, _d1941-2003 _eprefacio |
|
| 910 | _aVMateo V. Control de calidad. BPMSU | ||
| 942 |
_2ddc _cBK |
||
| 999 |
_c15554 _d15554 |
||